| 000 | 00663cam a22002171 4500 | ||
|---|---|---|---|
| 001 | ca 36000113 | ||
| 003 | DLC | ||
| 005 | 20260227111140.0 | ||
| 008 | 890721s1936 maua 000 0 eng | ||
| 010 | _aca 36000113 | ||
| 035 | _a(OCoLC)20050236 | ||
| 040 |
_aDLC _cRPB _dRPB _dDLC |
||
| 042 | _apremarc | ||
| 050 | 0 | 0 |
_aPS3545.I416 _bN5 1936 |
| 082 | _a812.5 | ||
| 100 | 1 |
_aWilkinson, Richard Hill, _d1904- |
|
| 245 | 1 | 0 |
_aNight of terror; _ba mystery play in three acts, _cby Richard Hill Wilkinson ... |
| 260 |
_aBoston, Mass., _aLos Angeles, Cal. _b[Walter H. Baker Company, _cc1936] |
||
| 300 |
_a115 p. _bdiagr. _c19 cm. |
||
| 490 | 0 | _aBakers̕ royalty plays | |
| 999 |
_c17989 _d17989 |
||